000
00273nam a2200121 a 4500
005
20141022142007.0
008
081003s19uu xx 00 eng d
050
_a
VCD
_b
O2 2005
245
_a
One giant leap.
650
_a
VCD.
650
_a
One giant leap.
942
_c
AVM
999
_c
276545
_d
276545